Rekonštrukcia vedenia trasy cesty I/18 v úseku Jánovce - Jablonov
Enregistré dans:
| Auteur principal: | |
|---|---|
| Autres auteurs: | |
| Format: | Manuscrit Livre |
| Langue: | slovaque |
| Publié: |
2015
|
| Sujets: | |
| Accès en ligne: | http://is.stuba.sk/zp/portal_zp.pl?podrobnosti=109821 https://opac.crzp.sk/?fn=detailBiblioForm&sid=78283B71680DBAF21846D01D22D4 |
| Tags: |
Pas de tags, Soyez le premier à ajouter un tag!
|
MARC
| LEADER | 00000ntm a22000003a 4500 | ||
|---|---|---|---|
| 001 | stuzp51897 | ||
| 003 | SK-STU | ||
| 005 | 20231025150549.4 | ||
| 007 | ta | ||
| 008 | 150427s2015----xo-----f-mn---000-0-slo-d | ||
| 040 | |a STU |b slo | ||
| 041 | 0 | |a slo | |
| 100 | 1 | |a Mojžiš, Róbert |u 010120 |4 aut |U SvF Stavebná fakulta |T SvF Katedra dopravných stavieb |X 7265 |U V120 |Y 12 |7 A000007265 | |
| 242 | 0 | 1 | |a Reconstruction of route alignment of the road I/18 in section Jánovce - Jablonov |y eng |
| 245 | 1 | 0 | |a Rekonštrukcia vedenia trasy cesty I/18 v úseku Jánovce - Jablonov |
| 260 | |c 2015 | ||
| 650 | 4 | |a diagnostika |2 slo | |
| 650 | 4 | |a vozovka |2 slo | |
| 650 | 4 | |a rekonštrukcia |2 slo | |
| 650 | 4 | |a reconstruction |2 eng | |
| 650 | 4 | |a diagnostics |2 eng | |
| 650 | 4 | |a carriageway |2 eng | |
| 700 | 1 | |a Bačová, Katarína |4 ths |X 1010 |7 A000001010 | |
| 856 | 4 | |u http://is.stuba.sk/zp/portal_zp.pl?podrobnosti=109821 | |
| 856 | 4 | |u https://opac.crzp.sk/?fn=detailBiblioForm&sid=78283B71680DBAF21846D01D22D4 | |
| SQL | |a stuzp51897 |b DDP |c SLO |d Rekonštrukcia vedenia trasy cesty I/18 v úseku Jánovce - Jablonov |e 7265 |f Mojžiš, Róbert |g 010120 |h 1010 |i Bačová, Katarína |j 20150618 |k 682 |l 01 |m http://is.stuba.sk/zp/portal_zp.pl?podrobnosti=109821 |n I-IKD |o 5.1.5. inžinierske konštrukcie a dopravné stavby | ||